| 000 | 00733nam a2200205Ii 4500 | ||
|---|---|---|---|
| 003 | JO-AjNU | ||
| 008 | 230605s9999||||xx |||||||||||||| ||und|| | ||
| 040 |
_aJO-AjNU _bara _erda _cJO-AjNU |
||
| 041 | _aara | ||
| 050 | 1 | 4 | _aHQ728 .M37 1981 |
| 100 | 3 |
_aتأليف: المسلماني، مصطفى, _eauthor _97256 |
|
| 245 | 0 | 0 | _aالزواج والاسرة |
| 250 | _aط منقحة ومعدلة | ||
| 264 | 3 | 1 | _aالاسكندرية: المكتب الجامعي الحديث،، 1981 |
| 300 |
_a284ص _bيحتوي ببلوغرافية |
||
| 336 |
_atext _btxt _2rdacontent |
||
| 337 |
_aunmediated _bn _2rdamedia |
||
| 338 |
_avolume _bnc _2rdacarrier |
||
| 650 | 4 |
_aالزواج -الاسرة - العلاقات الاسرية _97257 |
|
| 999 |
_aA188 _c3756 _d3756 |
||